[Event "ChessKid Cup Div 3 W"]
[Site "chess.com INT"]
[Date "2023.05.22"]
[Round "2.1"]
[White "Gledura, Benjamin"]
[Black "Antipov, Mikhail Al."]
[Result "1/2-1/2"]
[WhiteTitle "GM"]
[BlackTitle "GM"]
[WhiteElo "2644"]
[BlackElo "2588"]
[WhiteFideId "712779"]
[BlackFideId "4107012"]
[EventDate "2023.05.22"]
[EventType "k.o."]

1. e4 e5 2. Nf3 Nc6 3. d4 exd4 4. Nxd4 Nf6 5. Nxc6 bxc6 6. Bd3 d5 7. exd5 cxd5
8. O-O Be7 9. c4 O-O 10. Nc3 Bg4 11. Qc2 c6 12. Bf4 dxc4 13. Be2 Qd4 14. Bg3
Rad8 15. Rad1 Qc5 16. Bxg4 Nxg4 17. Ne4 Qb5 18. h3 Nf6 19. Bd6 Bxd6 20. Nxd6 Qa6
21. Qxc4 Qxc4 22. Nxc4 Rd5 23. Rfe1 Rb8 24. b3 Kf8 25. Rc1 Re8 26. f3 g6 27. Kf2
Rxe1 28. Rxe1 Nd7 29. Re2 Nc5 30. Ke3 Rd3+ 31. Kf2 Rd5 32. h4 Nd3+ 33. Ke3 Nb4
34. g4 h5 35. a3 Na6 36. Rd2 Rxd2 37. Nxd2 hxg4 38. fxg4 Nc7 39. Kd4 Nb5+ 40.
Kc5 Nxa3 41. Kxc6 Nc2 42. Kb7 Ke7 43. Kxa7 Ke6 44. g5 f6 45. gxf6 Kxf6 46. Kb7
Kf5 47. Nc4 Kg4 48. Ne5+ Kxh4 49. Nxg6+ Kg5 50. Nf8 Kf5 51. Kb6 Nd4 52. b4 Nc2
53. b5 Na3 54. Kc5 Nxb5 1/2-1/2

[Event "ChessKid Cup Div 3 W"]
[Site "chess.com INT"]
[Date "2023.05.22"]
[Round "2.2"]
[White "Antipov, Mikhail Al."]
[Black "Gledura, Benjamin"]
[Result "1-0"]
[WhiteTitle "GM"]
[BlackTitle "GM"]
[WhiteElo "2588"]
[BlackElo "2644"]
[WhiteFideId "4107012"]
[BlackFideId "712779"]
[EventDate "2023.05.22"]
[EventType "k.o."]

1. e4 e5 2. Nf3 Nf6 3. Nc3 Nc6 4. Bb5 Nd4 5. Nxe5 Qe7 6. f4 Nxb5 7. Nxb5 d6 8.
Nf3 Qxe4+ 9. Kf2 Ng4+ 10. Kg3 Qg6 11. Nh4 Qh5 12. h3 Qxb5 13. hxg4 Be6 14. a4
Qd7 15. Qf3 g5 16. fxg5 O-O-O 17. d4 c6 18. Nf5 Re8 19. Bd2 Bd5 20. Qf4 Re4 21.
Qf2 Be7 22. Rae1 Bd8 23. c4 Rxe1 24. Rxe1 Be6 25. d5 Bxf5 26. Qxf5 Qxf5 27. gxf5
Rg8 28. Kh4 h6 29. f6 hxg5+ 30. Bxg5 cxd5 31. cxd5 Kd7 32. Re3 Rg6 33. Rf3 Bb6
34. g4 Bd4 35. b3 Be5 36. Kh5 a6 37. Bh4 Rg8 38. g5 Rc8 39. g6 fxg6+ 40. Kxg6
Bxf6 41. Bxf6 Rc5 42. Rd3 b5 43. axb5 Rxb5 44. Kf5 a5 45. Ke4 Rb4+ 46. Bd4 a4
47. bxa4 Rxa4 48. Rb3 Ra2 49. Rb7+ Ke8 50. Kf5 Re2 51. Bf6 Re1 52. Re7+ Rxe7 53.
Bxe7 Kxe7 54. Kg6 1-0

[Event "ChessKid Cup Div 3 W"]
[Site "chess.com INT"]
[Date "2023.05.22"]
[Round "2.1"]
[White "Harshavardhan, G B"]
[Black "Bernadskiy, Vitaliy"]
[Result "0-1"]
[WhiteTitle "IM"]
[BlackTitle "GM"]
[WhiteElo "2408"]
[BlackElo "2592"]
[WhiteFideId "25059009"]
[BlackFideId "14100371"]
[EventDate "2023.05.22"]
[EventType "k.o."]

1. e4 c5 2. Nf3 d6 3. d4 cxd4 4. Nxd4 Nf6 5. Nc3 a6 6. Be3 e5 7. Nb3 Be7 8. h3
Be6 9. g4 O-O 10. g5 Nfd7 11. Qd2 Nb6 12. Nd5 Nxd5 13. exd5 Bf5 14. O-O-O a5 15.
Bd3 Bxd3 16. Qxd3 Bxg5 17. Kb1 a4 18. Nd2 Nd7 19. Rhg1 Bxe3 20. Qxe3 f5 21. Nc4
Qf6 22. f4 Rfc8 23. fxe5 dxe5 24. Na3 e4 25. h4 Ra6 26. h5 Rb6 27. Qd4 e3 28.
Qxf6 Rxf6 29. Nb5 f4 30. Rde1 Re8 31. Nc7 Re5 32. Ne6 g6 33. hxg6 hxg6 34. Nxf4
Rxf4 35. Rxg6+ Kf7 36. Rg3 e2 37. Kc1 Nf6 38. Rg2 Rf1 39. Kd2 Ne4+ 40. Kxe2 Ng3+
41. Kd3 Rfxe1 42. Rxg3 Rxd5+ 43. Kc4 Rd2 44. Rc3 Ree2 45. Kb4 Rxc2 46. Rf3+ Ke6
47. Kxa4 Rxb2 48. a3 Re4+ 49. Ka5 Re5+ 50. Ka4 b5+ 51. Ka5 b4+ 52. Ka4 bxa3 53.
Kxa3 Rb8 54. Ka4 Re1 55. Ra3 Ra8+ 0-1

[Event "ChessKid Cup Div 3 W"]
[Site "chess.com INT"]
[Date "2023.05.22"]
[Round "2.2"]
[White "Bernadskiy, Vitaliy"]
[Black "Harshavardhan, G B"]
[Result "1/2-1/2"]
[WhiteTitle "GM"]
[BlackTitle "IM"]
[WhiteElo "2592"]
[BlackElo "2408"]
[WhiteFideId "14100371"]
[BlackFideId "25059009"]
[EventDate "2023.05.22"]
[EventType "k.o."]

1. e4 c5 2. Nf3 d6 3. Bb5+ Nd7 4. O-O a6 5. Bd3 Ngf6 6. c3 b5 7. a4 c4 8. Be2
Bb7 9. axb5 axb5 10. Rxa8 Qxa8 11. Na3 Bc6 12. d3 cxd3 13. Bxd3 Qb7 14. Nd4 Bxe4
15. Bxe4 Nxe4 16. Re1 e6 17. Naxb5 Be7 18. c4 O-O 19. Qf3 d5 20. cxd5 exd5 21.
Nc3 Ndf6 22. Nxe4 Nxe4 23. Qb3 Qa8 24. Nf5 Bf6 25. Ng3 Rb8 26. Qa3 Qxa3 27. bxa3
Bc3 28. Rf1 Nxg3 29. hxg3 d4 30. Bf4 Rb3 31. Bd6 f6 32. Rd1 Rb5 33. Kf1 Kf7 34.
Bb4 Ke6 35. Bxc3 dxc3 36. Rc1 Rb3 37. Ke2 Rxa3 38. Kd3 Kd5 39. Rxc3 Ra2 40. Ke3
Ra7 41. Kf3 Ke6 42. g4 Kf7 43. Kg3 Kg6 44. f3 Ra5 45. Rd3 Kg5 46. Rd7 Kg6 47.
Rb7 h5 48. gxh5+ Rxh5 49. Rb4 Ra5 50. Rg4+ Kh6 51. Rh4+ Kg6 52. Rg4+ Rg5 53. Kf4
Rxg4+ 54. Kxg4 Kf7 55. Kf5 g6+ 56. Ke4 Ke6 57. f4 Kd6 58. Kd4 Ke6 59. Ke4 Kd6
60. Kd4 Ke6 61. Ke4 1/2-1/2

[Event "ChessKid Cup Div 3 W"]
[Site "chess.com INT"]
[Date "2023.05.22"]
[Round "2.1"]
[White "Harikrishna, Pentala"]
[Black "Yu, Yangyi"]
[Result "1/2-1/2"]
[WhiteTitle "GM"]
[BlackTitle "GM"]
[WhiteElo "2704"]
[BlackElo "2729"]
[WhiteFideId "5007003"]
[BlackFideId "8603820"]
[EventDate "2023.05.22"]
[EventType "k.o."]

1. c4 e6 2. Nc3 d5 3. d4 h6 4. Nf3 Nf6 5. e3 c5 6. cxd5 exd5 7. Bb5+ Nc6 8. O-O
Bd6 9. dxc5 Bxc5 10. b3 O-O 11. Bb2 Bg4 12. Bxc6 bxc6 13. Rc1 Rc8 14. Ne2 Bd6
15. Ng3 Re8 16. Qd3 Bxf3 17. gxf3 Be5 18. Bxe5 Rxe5 19. Qd4 Re6 20. Rc2 Qb6 21.
Qxb6 axb6 22. a4 c5 23. Rd1 Rd8 24. Ne2 Red6 25. Rcd2 R6d7 26. b4 Ra8 27. bxc5
bxc5 28. Nc3 Rc7 29. Nxd5 Nxd5 30. Rxd5 Rxa4 31. Rc1 c4 32. Rd4 g6 33. f4 Kg7
34. Kg2 Rb4 35. h4 h5 36. Kf3 Rc5 37. Rc3 Ra4 38. Kg3 Rb4 39. Kf3 Ra4 40. Kg3
Rb4 41. Kf3 1/2-1/2

[Event "ChessKid Cup Div 3 W"]
[Site "chess.com INT"]
[Date "2023.05.22"]
[Round "2.2"]
[White "Yu, Yangyi"]
[Black "Harikrishna, Pentala"]
[Result "1/2-1/2"]
[WhiteTitle "GM"]
[BlackTitle "GM"]
[WhiteElo "2729"]
[BlackElo "2704"]
[WhiteFideId "8603820"]
[BlackFideId "5007003"]
[EventDate "2023.05.22"]
[EventType "k.o."]

1. e4 e5 2. Nf3 Nc6 3. Bc4 Bc5 4. d3 Nf6 5. Bg5 h6 6. Bh4 d6 7. c3 a6 8. a4 Ba7
9. Nbd2 O-O 10. O-O Re8 11. b4 Be6 12. Re1 Nb8 13. d4 Nbd7 14. Qb3 Qe7 15. Rad1
b5 16. Bxe6 Qxe6 17. Qc2 Nh5 18. Nf1 Nb6 19. axb5 axb5 20. Ne3 Nc4 21. Nd5 Bb8
22. Nd2 Nxd2 23. Qxd2 c6 24. Ne3 Ra2 25. d5 Rxd2 26. dxe6 Rxd1 27. exf7+ Kxf7
28. Rxd1 g5 29. Bg3 Nf6 30. f3 Ba7 31. Bf2 Bxe3 32. Bxe3 d5 33. exd5 Nxd5 34.
Bc5 Ra8 35. Re1 Kf6 36. Bd6 Re8 37. Rc1 Nf4 38. Rd1 Ne2+ 39. Kf2 Nxc3 40. Rc1
Nd5 41. Ra1 Rd8 42. Bc5 Nf4 43. Ra6 Rc8 44. g3 Nd5 45. Ke2 h5 46. Ra7 Nc7 47.
Kd3 Ke6 48. Ke4 Nd5 49. h4 Rg8 50. Ra6 Nf6+ 51. Ke3 Nd5+ 52. Ke4 Nf6+ 53. Ke3
Nd5+ 54. Ke4 1/2-1/2

[Event "ChessKid Cup Div 3 W"]
[Site "chess.com INT"]
[Date "2023.05.22"]
[Round "2.3"]
[White "Harikrishna, Pentala"]
[Black "Yu, Yangyi"]
[Result "1-0"]
[WhiteTitle "GM"]
[BlackTitle "GM"]
[WhiteElo "2704"]
[BlackElo "2729"]
[WhiteFideId "5007003"]
[BlackFideId "8603820"]
[EventDate "2023.05.22"]
[EventType "k.o."]

1. c4 Nf6 2. Nc3 c5 3. Nf3 e6 4. g3 Nc6 5. Bg2 d5 6. cxd5 exd5 7. d4 cxd4 8.
Nxd4 Bc5 9. Nb3 Bb6 10. O-O d4 11. Na4 O-O 12. Nxb6 axb6 13. e3 Bg4 14. f3 Be6
15. Nxd4 Nxd4 16. Qxd4 Qxd4 17. exd4 Bxa2 18. Bg5 Nd5 19. Rfc1 Bb3 20. Bd2 b5
21. f4 Ra4 22. Ra3 Rxa3 23. bxa3 Bc4 24. a4 Nc7 25. axb5 1-0

[Event "ChessKid Cup Div 3 W"]
[Site "chess.com INT"]
[Date "2023.05.22"]
[Round "2.1"]
[White "Keymer, Vincent"]
[Black "Lysyj, Igor"]
[Result "1/2-1/2"]
[WhiteTitle "GM"]
[BlackTitle "GM"]
[WhiteElo "2700"]
[BlackElo "2606"]
[WhiteFideId "12940690"]
[BlackFideId "4150120"]
[EventDate "2023.05.22"]
[EventType "k.o."]

1. Nf3 Nf6 2. c4 e6 3. Nc3 d5 4. e3 Be7 5. b3 O-O 6. Bb2 c5 7. d4 cxd4 8. Nxd4
dxc4 9. Bxc4 a6 10. Be2 b5 11. Bf3 Ra7 12. O-O Bb7 13. Bxb7 Rxb7 14. Qf3 Qc8 15.
Rac1 Rc7 16. Qg3 Nh5 17. Qf3 Nf6 18. a4 bxa4 19. Nxa4 Rd8 20. Rxc7 Qxc7 21. Rc1
Qa5 22. Qb7 Qb4 23. Qxb4 Bxb4 24. g3 Ne8 25. Kg2 Kf8 26. Rc4 Be7 27. Nc6 Nxc6
28. Rxc6 Rb8 29. Rxa6 Rxb3 30. Ra8 f6 31. Bd4 Ra3 32. f4 Ra2+ 33. Kf3 Kf7 34.
Nb6 Rxh2 35. Ra7 Rc2 36. g4 Rc7 37. Ra8 Nd6 38. Ra5 Rb7 39. Na4 Nc4 40. Ra6 Nd2+
41. Ke2 Ne4 42. Nc3 Nxc3+ 43. Bxc3 f5 44. g5 h6 45. gxh6 gxh6 46. Ra8 Bf8 47.
Kf3 h5 48. Rc8 h4 49. Kg2 Be7 50. Bd4 Rd7 51. Ra8 Rb7 52. Kh3 Rd7 53. Rc8 Rb7 1/2-1/2

[Event "ChessKid Cup Div 3 W"]
[Site "chess.com INT"]
[Date "2023.05.22"]
[Round "2.2"]
[White "Lysyj, Igor"]
[Black "Keymer, Vincent"]
[Result "1/2-1/2"]
[WhiteTitle "GM"]
[BlackTitle "GM"]
[WhiteElo "2606"]
[BlackElo "2700"]
[WhiteFideId "4150120"]
[BlackFideId "12940690"]
[EventDate "2023.05.22"]
[EventType "k.o."]

1. d4 Nf6 2. c4 e6 3. Nf3 d5 4. g3 Bb4+ 5. Bd2 Be7 6. Bg2 O-O 7. O-O c6 8. Qc2
Nbd7 9. Rd1 a5 10. Be1 Ne4 11. Nc3 f5 12. e3 Bd6 13. a3 Qe7 14. Rab1 g5 15. b4
g4 16. Nh4 axb4 17. axb4 Ndf6 18. b5 Bd7 19. bxc6 bxc6 20. Ne2 Rfc8 21. c5 Bc7
22. Nf4 Ra7 23. Nd3 Rca8 24. Rb2 Bc8 25. Nb4 Qe8 26. Rdb1 Ng5 27. Nd3 Ba6 28.
Nf4 Nfe4 29. Qd1 Bc8 30. Nd3 Ra3 31. Bb4 R3a4 32. f3 Nf6 33. Be1 Ra3 34. Bb4
R3a4 35. Be1 Ra3 36. Bb4 R3a4 1/2-1/2

[Event "ChessKid Cup Div 3 W"]
[Site "chess.com INT"]
[Date "2023.05.22"]
[Round "2.3"]
[White "Keymer, Vincent"]
[Black "Lysyj, Igor"]
[Result "0-1"]
[WhiteTitle "GM"]
[BlackTitle "GM"]
[WhiteElo "2700"]
[BlackElo "2606"]
[WhiteFideId "12940690"]
[BlackFideId "4150120"]
[EventDate "2023.05.22"]
[EventType "k.o."]

1. c4 e6 2. Nc3 c5 3. e3 Nf6 4. Nf3 Nc6 5. d4 d5 6. cxd5 Nxd5 7. Bd3 Be7 8. O-O
O-O 9. Re1 b6 10. Nxd5 exd5 11. dxc5 bxc5 12. Bd2 Be6 13. Qc2 h6 14. Rad1 Qb6
15. e4 dxe4 16. Bxe4 Rac8 17. Qc1 Bf6 18. Bxh6 Qxb2 19. Qf4 Qb8 20. Qe3 Nd4 21.
Ng5 Bf5 22. Bxf5 Nxf5 23. Qd3 gxh6 24. Nh7 Kxh7 25. Qxf5+ Kg7 26. Re3 Qb2 27.
Rb1 Qd4 28. Re4 Qc3 29. h4 Kh8 30. Rb3 Qa1+ 31. Kh2 Rce8 32. Rb1 Qc3 33. Rc1
Be5+ 34. f4 Qxc1 35. fxe5 Re6 36. Rg4 Qe3 37. Re4 Qc3 38. Qf3 Qxf3 0-1

[Event "ChessKid Cup Div 3 W"]
[Site "chess.com INT"]
[Date "2023.05.22"]
[Round "2.1"]
[White "Kamsky, Gata"]
[Black "Vallejo Pons, Francisco"]
[Result "1/2-1/2"]
[WhiteTitle "GM"]
[BlackTitle "GM"]
[WhiteElo "2665"]
[BlackElo "2712"]
[WhiteFideId "2000024"]
[BlackFideId "2205530"]
[EventDate "2023.05.22"]
[EventType "k.o."]

1. d4 e6 2. Bf4 c5 3. e3 Qb6 4. Na3 d5 5. Nb5 Na6 6. c3 Bd7 7. a4 Nf6 8. Nf3 Be7
9. Ne5 O-O 10. Nxd7 Nxd7 11. Be2 Rfc8 12. O-O Nab8 13. a5 Qc6 14. dxc5 Nxc5 15.
c4 dxc4 16. Bxc4 a6 17. Nd4 Qe8 18. Be2 Nbd7 19. Nb3 Bf6 20. Ra2 Rd8 21. Bc7
Rdc8 22. Bf4 Rd8 23. Bc7 Rdc8 24. Bf4 1/2-1/2

[Event "ChessKid Cup Div 3 W"]
[Site "chess.com INT"]
[Date "2023.05.22"]
[Round "2.2"]
[White "Vallejo Pons, Francisco"]
[Black "Kamsky, Gata"]
[Result "1-0"]
[WhiteTitle "GM"]
[BlackTitle "GM"]
[WhiteElo "2712"]
[BlackElo "2665"]
[WhiteFideId "2205530"]
[BlackFideId "2000024"]
[EventDate "2023.05.22"]
[EventType "k.o."]

1. e4 e5 2. Nf3 Nc6 3. Nc3 Nf6 4. h3 Bb4 5. a3 Bxc3 6. dxc3 O-O 7. Bg5 h6 8. Bh4
Qe7 9. Qe2 g5 10. Bg3 d6 11. Nd2 Kg7 12. h4 Be6 13. O-O-O Rh8 14. f3 Nh5 15. Bf2
Qf6 16. g3 Qg6 17. Qe3 g4 18. c4 Kh7 19. f4 exf4 20. gxf4 f5 21. c5 Rhf8 22.
cxd6 cxd6 23. Nc4 fxe4 24. Nxd6 Rxf4 25. Bg2 g3 26. Bxe4 Rxe4 27. Nxe4 gxf2 28.
Nxf2 Bf5 29. Rhg1 Qf6 30. Ng4 Qe6 31. Qxe6 Bxe6 32. Rd6 Bxg4 33. Rxg4 Re8 34.
Rgg6 Nf4 35. Rxh6+ Kg7 36. Rxc6 bxc6 37. Rxc6 Re7 38. b4 Nd5 39. Kb2 Kf7 40. h5
Re5 41. h6 Rh5 42. Ra6 Nb6 43. Rxa7+ Kg8 44. h7+ Rxh7 45. Rxh7 Kxh7 46. Kb3 Kg7
47. a4 Kf7 48. a5 Nc8 49. b5 Ke6 50. b6 1-0

[Event "ChessKid Cup Div 3 W"]
[Site "chess.com INT"]
[Date "2023.05.22"]
[Round "2.1"]
[White "Bok, Benjamin"]
[Black "Lazavik, Denis"]
[Result "1/2-1/2"]
[WhiteTitle "GM"]
[BlackTitle "GM"]
[WhiteElo "2607"]
[BlackElo "2544"]
[WhiteFideId "1017063"]
[BlackFideId "13515110"]
[EventDate "2023.05.22"]
[EventType "k.o."]

1. c4 Nf6 2. Nf3 e6 3. g3 d5 4. Bg2 Be7 5. O-O O-O 6. b3 c5 7. cxd5 Nxd5 8. Bb2
Nc6 9. Nc3 Bf6 10. Qc2 b6 11. Nxd5 Bxb2 12. Qxb2 exd5 13. d4 Qf6 14. Qd2 cxd4
15. Rfd1 Bg4 16. Nxd4 Nxd4 17. Qxd4 Qxd4 18. Rxd4 Bxe2 19. Re1 Rae8 20. h4 g6
21. Rxd5 Bg4 22. Rde5 Rxe5 23. Rxe5 Rd8 24. Rd5 Rc8 25. Rd2 Be6 26. Kf1 Kf8 27.
Ke2 Ke7 28. Ke3 Rc5 29. Be4 h6 30. Rc2 Kd6 31. f4 Rxc2 32. Bxc2 Bf5 33. Bxf5
gxf5 34. Kd4 h5 35. a4 a6 36. Kc4 Kc6 37. Kd4 Kd6 38. Kc4 Kc6 39. Kd4 Kd6 1/2-1/2

[Event "ChessKid Cup Div 3 W"]
[Site "chess.com INT"]
[Date "2023.05.22"]
[Round "2.2"]
[White "Lazavik, Denis"]
[Black "Bok, Benjamin"]
[Result "1-0"]
[WhiteTitle "GM"]
[BlackTitle "GM"]
[WhiteElo "2544"]
[BlackElo "2607"]
[WhiteFideId "13515110"]
[BlackFideId "1017063"]
[EventDate "2023.05.22"]
[EventType "k.o."]

1. d4 Nf6 2. c4 e6 3. Nf3 b6 4. g3 Ba6 5. b3 Bb4+ 6. Bd2 Be7 7. Bg2 O-O 8. O-O
d5 9. Ne5 c5 10. Bf4 cxd4 11. Qxd4 Nfd7 12. cxd5 Nxe5 13. Qxe5 Bf6 14. Qe3 exd5
15. Nc3 Nc6 16. Rad1 d4 17. Qf3 Rc8 18. Ne4 Ne5 19. Qh5 Re8 20. Rd2 Ng6 21. Be3
Be5 22. Rfd1 dxe3 23. Rxd8 exf2+ 24. Kxf2 Rexd8 25. Rxd8+ Rxd8 26. Ng5 Rd2 27.
Qxh7+ Kf8 28. Bf3 Bd4+ 29. Kg2 Bxe2 30. Bxe2 Rxe2+ 31. Kf1 Rf2+ 32. Ke1 Rxa2 33.
Ne6+ fxe6 34. Qxg6 Rxh2 35. Qxe6 Bf6 36. Qc8+ Ke7 37. Qc7+ Kf8 38. Qxa7 Rb2 39.
Qxb6 Kf7 40. Kf1 Kg6 41. b4 Kf5 42. b5 Kg4 43. Qc5 Kf3 44. Qc6+ Kxg3 45. b6 Kf4
46. b7 Rb1+ 47. Ke2 Be5 48. Qc4+ Kg5 49. Qe6 Kf4 50. Qf7+ Kg5 51. Kd3 g6 52. Ke4
Bg3 53. Qe7+ Kh5 54. Kf3 Rb3+ 55. Kg2 Bf4 56. Qf7 Rb2+ 57. Kf3 Bh2 58. Qh7+ Kg5
59. Qxh2 Rxh2 60. b8=Q Rh3+ 61. Ke4 Rh5 62. Qf8 Rh1 63. Qd8+ Kg4 64. Qf6 Re1+
65. Kd3 g5 66. Kd2 Rh1 67. Ke2 Rh2+ 68. Ke3 Rh3+ 69. Ke4 Rg3 70. Qf5+ Kh4 71.
Qe6 Rg4+ 72. Kf5 Rf4+ 73. Kg6 g4 74. Qe7+ Kh3 75. Kg5 Rf3 76. Qe4 Kh2 77. Kxg4
Rg3+ 78. Kf4 Rg2 79. Qh7+ Kg1 80. Qa7+ Kh2 81. Kf3 Rg3+ 82. Kf2 Rg2+ 83. Kf1 Rg4
84. Qe3 Rg3 85. Qh6+ Rh3 86. Qf4+ Rg3 87. Kf2 Kh1 88. Kxg3 1-0

[Event "ChessKid Cup Div 3 W"]
[Site "chess.com INT"]
[Date "2023.05.23"]
[Round "3.1"]
[White "Sevian, Samuel"]
[Black "Pichot, Alan"]
[Result "1/2-1/2"]
[WhiteTitle "GM"]
[BlackTitle "GM"]
[WhiteElo "2684"]
[BlackElo "2638"]
[WhiteFideId "2040506"]
[BlackFideId "110973"]
[EventDate "2023.05.22"]
[EventType "k.o."]

1. b3 d5 2. Bb2 Nf6 3. e3 Bf5 4. Nf3 h6 5. Be2 e6 6. c4 Be7 7. O-O O-O 8. Nc3 c6
9. h3 Nbd7 10. Rc1 Nc5 11. d4 Nce4 12. Nxe4 Nxe4 13. Nd2 Bd6 14. Nxe4 Bxe4 15.
Bd3 Qh4 16. Bxe4 Qxe4 17. Qc2 1/2-1/2

[Event "ChessKid Cup Div 3 W"]
[Site "chess.com INT"]
[Date "2023.05.23"]
[Round "3.2"]
[White "Sevian, Samuel"]
[Black "Pichot, Alan"]
[Result "0-1"]
[WhiteTitle "GM"]
[BlackTitle "GM"]
[WhiteElo "2684"]
[BlackElo "2638"]
[WhiteFideId "2040506"]
[BlackFideId "110973"]
[EventDate "2023.05.22"]
[EventType "k.o."]

1. c4 e6 2. Nf3 d5 3. g3 Nf6 4. Bg2 Be7 5. O-O O-O 6. b3 d4 7. e3 c5 8. Ne5 Nfd7
9. Nd3 Nc6 10. f4 e5 11. Bb2 Bd6 12. Na3 Re8 13. e4 a6 14. f5 Rb8 15. Nf2 b5 16.
d3 Bc7 17. h4 Ba5 18. Nb1 bxc4 19. dxc4 Bb7 20. Qc1 Nf6 21. Rd1 Qc7 22. Nd2 d3
23. Nxd3 Nd4 24. Re1 Rbd8 25. Bc3 Ne2+ 26. Rxe2 Rxd3 27. Bxa5 Qxa5 28. Nf1 Red8
29. Qb2 R8d4 30. Rae1 h5 31. Qc1 Bc6 32. Qg5 Qc3 33. Rc1 Qa5 34. Rce1 Qc3 35.
Kh1 Kh8 36. Kh2 Ng4+ 37. Kh3 Nf6 38. Rc1 Nh7 39. Rxc3 Nxg5+ 40. hxg5 Rxc3 41. g6
fxg6 42. fxg6 Rd6 43. Nh2 Bd7+ 44. Kh4 Rxg6 45. Bf3 Rd3 46. Rg2 Kh7 47. Bxh5 Rh6
48. Kg5 Rdd6 49. Ng4 Rdg6+ 0-1

[Event "ChessKid Cup Div 3 W"]
[Site "chess.com INT"]
[Date "2023.05.23"]
[Round "3.1"]
[White "Antipov, Mikhail Al."]
[Black "Bernadskiy, Vitaliy"]
[Result "0-1"]
[WhiteTitle "GM"]
[BlackTitle "GM"]
[WhiteElo "2588"]
[BlackElo "2592"]
[WhiteFideId "4107012"]
[BlackFideId "14100371"]
[EventDate "2023.05.22"]
[EventType "k.o."]

1. e4 e6 2. d4 d5 3. Nd2 c5 4. Ngf3 cxd4 5. exd5 Qxd5 6. Bc4 Qd7 7. O-O Nc6 8.
Nb3 a6 9. a4 Nf6 10. Qe2 Bd6 11. Rd1 Qc7 12. Nbxd4 Nxd4 13. Rxd4 O-O 14. b3 Re8
15. Bb2 e5 16. Rh4 Bf5 17. Rd1 Rad8 18. Ng5 Bg6 19. Bd3 e4 20. Bc4 Be5 21. Bc1
Rxd1+ 22. Qxd1 Rd8 23. Qe1 b5 24. axb5 axb5 25. Bxb5 Qxc2 26. Be2 Ra8 0-1

[Event "ChessKid Cup Div 3 W"]
[Site "chess.com INT"]
[Date "2023.05.23"]
[Round "3.2"]
[White "Bernadskiy, Vitaliy"]
[Black "Antipov, Mikhail Al."]
[Result "1-0"]
[WhiteTitle "GM"]
[BlackTitle "GM"]
[WhiteElo "2592"]
[BlackElo "2588"]
[WhiteFideId "14100371"]
[BlackFideId "4107012"]
[EventDate "2023.05.22"]
[EventType "k.o."]

1. e4 c5 2. Nf3 e6 3. c3 d5 4. exd5 Qxd5 5. d4 Nf6 6. Be2 Be7 7. O-O O-O 8. Na3
a6 9. Nc4 Nbd7 10. Nfe5 Nxe5 11. dxe5 Nd7 12. Bf4 Qe4 13. Bg3 Rd8 14. Nd6 Bxd6
15. Bf3 Qc4 16. Qxd6 Re8 17. Rfd1 Qb5 18. b3 Nf8 19. c4 Qa5 20. Qd2 Qxd2 21.
Rxd2 Rb8 22. Rad1 Ng6 23. h4 Ne7 24. Be4 b5 25. cxb5 axb5 26. Rd8 Kf8 27. Rxe8+
Kxe8 28. Rc1 Bb7 29. Bxb7 Rxb7 30. Rxc5 Nd5 31. a3 h5 32. f3 Rb8 33. Be1 Kf8 34.
Bd2 Kg8 35. Kf2 Kh7 36. g4 Kg6 37. Ke2 Rb7 38. Kd3 Ra7 39. Bb4 Nxb4+ 40. axb4
Rb7 41. Ke4 Rb8 42. Ke3 Rh8 43. g5 Rb8 44. Ke4 Rb7 45. f4 Rb6 46. Kf3 Rb7 47.
Ke4 Rd7 48. Rc6 Kh7 49. g6+ Kxg6 50. f5+ Kh7 51. fxe6 fxe6 52. Rxe6 Rd1 53. Kf5
Rh1 54. Rb6 Rxh4 55. e6 g6+ 56. Ke5 Rh1 57. e7 Kg7 58. Re6 1-0

[Event "ChessKid Cup Div 3 W"]
[Site "chess.com INT"]
[Date "2023.05.23"]
[Round "3.1"]
[White "Harikrishna, Pentala"]
[Black "Lysyj, Igor"]
[Result "1/2-1/2"]
[WhiteTitle "GM"]
[BlackTitle "GM"]
[WhiteElo "2704"]
[BlackElo "2606"]
[WhiteFideId "5007003"]
[BlackFideId "4150120"]
[EventDate "2023.05.22"]
[EventType "k.o."]

1. c4 e6 2. Nf3 Nf6 3. g3 d5 4. Bg2 Be7 5. d4 O-O 6. Nc3 dxc4 7. Ne5 c5 8. dxc5
Qxd1+ 9. Nxd1 Bxc5 10. O-O Nd5 11. Ne3 Bxe3 12. Bxe3 c3 13. b4 Nd7 14. Nd3 b6
15. Bxd5 exd5 16. Rfc1 Ba6 17. Rxc3 Rfc8 18. Ra3 Bc4 19. Rd1 Nf8 20. Rd2 Ne6 21.
Ne5 Bb5 22. Nf3 f6 23. Kf1 Bc4 24. Nd4 Nxd4 25. Bxd4 b5 26. Ra6 Rc7 27. f3 Kf7
28. Kf2 Re8 29. e3 Re6 30. Ra3 a6 31. g4 Rc8 32. Bc5 h5 33. gxh5 Rh8 34. h4 Rxh5
35. Rd4 g5 36. Kg3 Rxh4 37. Rxh4 gxh4+ 38. Kxh4 Kg6 39. Kg4 Rc6 40. Kf4 Re6 41.
Bd4 Rc6 42. Rc3 Rc8 43. Ra3 Rc6 44. Bc5 Re6 45. Ra5 Rc6 46. a4 bxa4 47. Rxa4 Rc8
48. Ra5 Rh8 49. Bd4 Bb5 50. Ra1 Rh5 51. Rg1+ Rg5 52. Rxg5+ fxg5+ 1/2-1/2

[Event "ChessKid Cup Div 3 W"]
[Site "chess.com INT"]
[Date "2023.05.23"]
[Round "3.2"]
[White "Lysyj, Igor"]
[Black "Harikrishna, Pentala"]
[Result "1/2-1/2"]
[WhiteTitle "GM"]
[BlackTitle "GM"]
[WhiteElo "2606"]
[BlackElo "2704"]
[WhiteFideId "4150120"]
[BlackFideId "5007003"]
[EventDate "2023.05.22"]
[EventType "k.o."]

1. d4 Nf6 2. c4 e6 3. Nf3 d5 4. g3 Be7 5. Bg2 O-O 6. Qb3 c5 7. cxd5 Qxd5 8. dxc5
Nc6 9. O-O Bxc5 10. Nc3 Qxb3 11. axb3 e5 12. Na4 Be7 13. Nb6 Rb8 14. Nxc8 Rbxc8
15. Be3 a6 16. Rfd1 Rfd8 17. Bb6 Rd5 18. Rdc1 Rb5 19. Be3 Rd8 20. Rd1 Rxd1+ 21.
Rxd1 Rxb3 22. Bc1 Rb4 23. Kf1 g6 24. Ne1 Nd4 25. Nd3 Rb5 26. Nxe5 Nxe2 27. Nxg6
Nxg3+ 28. hxg3 hxg6 29. Rd3 a5 30. b3 b6 31. Bd2 Rf5 32. Bf3 g5 33. g4 Re5 34.
Kg2 Kf8 35. Bc3 Re6 36. Bd2 Ne4 37. Be3 Bc5 38. Bxe4 Rxe4 39. Kf3 Re5 40. Bd2
Be7 41. Bc3 Rb5 42. Bd2 f6 43. Be3 Kf7 44. Bd2 Ke6 45. Be3 Bc5 46. Bd2 Bd6 47.
Be3 Be5 48. Ke2 Bf4 49. Bd4 f5 50. gxf5+ Kxf5 51. f3 Rb4 52. Bf2 Ke6 53. Be1 Rb5
54. Bf2 Re5+ 55. Kf1 b5 56. Rc3 Rd5 57. Rc6+ Kf5 58. Rb6 Bd2 59. Ke2 Bc3 60. Be3
Bb4 61. Rb7 Bc3 62. Rf7+ Ke6 63. Rb7 Re5 64. Kd3 Bb4 65. Bd4 Rf5 66. Ke2 Kd6 67.
Be3 Kc6 68. Rb6+ Kd7 69. Rb7+ Kc6 70. Rb6+ Kc7 71. Rg6 a4 72. bxa4 bxa4 73. Rxg5
Rxg5 74. Bxg5 a3 75. Bc1 1/2-1/2